Littoral vegetation of the Rožmberk fishpond and its mineral nutrient economy /

Další autoři: Hroudová, Zdenka, 1944-
Jazyk: Angličtina
Vydáno: Praha : Academia, 1988
Vydání: 1. vyd.
Edice: Studie ČSAV
Témata:
Fyzický popis: 2 sv. ; 24 cm
Odebírané svazky: 1-2
Knihy
Uloženo v:
LEADER 01398nam a22003732aa4500
001 000822899
003 CZ BrMZK
005 20211001085228.0
007 ta
008 060728s1988 xr er|||||||||||eng d
015 |a cnb000047536 
020 |q (Brož.) :  |c 40 Kčs (za oba sv.) 
040 |a ABA001  |b cze  |d ABA001  |d BOA001 
080 |a 581.526.3  |2 undef 
080 |a 581.13  |2 undef 
245 0 0 |a Littoral vegetation of the Rožmberk fishpond and its mineral nutrient economy /  |c Zdenka Hroudová a kolektiv 
250 |a 1. vyd. 
260 |a Praha :  |b Academia,  |c 1988  |e (Karviná :  |f MTZ 23) 
300 |a 2 sv. ;  |c 24 cm 
490 1 |a Studie ČSAV ;  |v č. 9/1988 
500 |a Obálka Zbyněk Kočvar 
500 |a 350 výt. 
504 |a Obsahuje bibliografie 
505 0 |a [Část] 1.: Text. 108 s., fot., grafy, mp. -- [Část] 2.: Tables. [13] listů, mp., tb. 
655 7 |a výzkumné zprávy  |7 fd131869  |2 czenas 
700 1 |a Hroudová, Zdenka,  |d 1944-  |7 js20050502004  |4 edt 
830 0 |a Studie ČSAV 
910 |a BOA001  |b 2-0941.505  |s 1-2 
964 |a Rožmberk(rybník) - výživnost minerální - rostlinstvo 
990 |a BK 
995 |a 01 
991 |b 200607 
996 7 |b 2619337990  |c 2-0941.505  |d 2.  |v 2  |l MZK  |r Sklad / do 1 hodiny  |n 0  |w 000822899  |u 000020  |a 1  |e BOA001  |j MZK50  |s A 
996 7 |b 2619337991  |c 2-0941.505  |d 1.  |v 1  |l MZK  |r Sklad / do 1 hodiny  |n 0  |w 000822899  |u 000010  |a 1  |e BOA001  |j MZK50  |s A